Lepší než reklama

Stagnácia klasickej reklamy. Náklady na public relations (PR) stúpajú už 20 rokov. Corporate Communication (CC) - komunikácia s verejnosťou. Z najlepších tlačových šéfov sa stávajú odborníci na komunikáciu. Najdôležitejšie nástroje komunikácie. Nové formy reklamy.

Guardado en:
Detalles Bibliográficos
Formato: Capítulo de libro
Lenguaje:checo
Materias:
Etiquetas: Agregar Etiqueta
Sin Etiquetas, Sea el primero en etiquetar este registro!

MARC

LEADER 00000naa a2200000 4500
001 r015521
005 20221213082442.5
041 0 |a cze 
044 |a CZ 
245 1 0 |a Lepší než reklama 
520 |a Stagnácia klasickej reklamy. Náklady na public relations (PR) stúpajú už 20 rokov. Corporate Communication (CC) - komunikácia s verejnosťou. Z najlepších tlačových šéfov sa stávajú odborníci na komunikáciu. Najdôležitejšie nástroje komunikácie. Nové formy reklamy. 
610 2 0 |a práca s verejnosťou 
610 2 0 |a reklama 
610 2 0 |a komunikácia